LEADER 01212nam a2200265 i 4500 001 000000135347 003 CaOOAMICUS 005 20050311000000.0 008 050311s2003 it u000 u ita u 013 $a108679 020 $a88-7078-848-2 040 $aSeMil$bita 100 1 $aBourdieu, Pierre,$d <1930-2002>.$0(OLS)http://semarc/name/3717 240 10$aEsquisse d'une théorie de la pratique précédé de Trois études d'ethnologie kabyle.$0(OLS)http://semarc/title/197961 245 10$aPer una teoria della pratica :$bcon tre studi di etnologia cabila /$cPierre Bourdieu. 260 $aMilano :$bRaffaello Cortina,$c2003. 300 $aXII, 338 p. ;$c23 cm. 650 4$aSociologia - Teorie.$0(OLS)http://semarc/subject/5066 650 4$aEtnologia.$0(OLS)http://semarc/subject/1377 850 $aSeMil 852 $aSeMil$W1$xVenegono$y1$m173 11 4 *$j89027$B89027$CSeMilBibl$Z2$F93630 $81 961 $aAcquisto: Ŕncora (Libreria) 996 $6020$a88-7078-848-2$9(OLS)http://semarc/number/122697 996 $6245$aPer una teoria della pratica :$bcon tre studi di etnologia cabila$9(OLS)http://semarc/title/197960 996 $6260$aMilano :$bRaffaello Cortina$9(OLS)http://semarc/publisher/31196 LEADER 01488nas a2200289 i 4500 001 000000000040 003 CaOOAMICUS 005 20220909125829.0 008 180830s19579999gw zx u0 z|lat u 022 $a0571-9070 040 $aSeMil$bita 245 00$aVetus Latina. Aus der Geschichte der Lateinischen Bibel$h[generale di collana] /$cbegründet von Bonifatius Fischer ; herausgegeben von Roger Gryson. 264 1$aFreiburg ; Basel ; Wien :$bHerder,$c1957- 300 $av. ;$c24 cm. 362 0 $a1(1957)- 490 1 $aVetus Latina : die Reste der altlateinischen Bibel 500 $aVolumi monografici complementari all'opera Vetus latina 700 1 $aGryson, Roger,$d<1938- >.$0(OLS)http://semarc/name/48 700 1 $aFischer, Bonifatius,$d<1915-1997>.$0(OLS)http://semarc/name/47 772 0 $tBibbia$dFreiburg : Herder, 1949-$kVetus Latina$x0571-9070$w()300 830 0$aVetus Latina. Aus der Geschichte der Lateinischen Bibel.$0(OLS)http://semarc/title/70 850 $aSeMil 852 $aSeMil$W1$xVenegono$y1$mVedi "Titolo uniforme di collana" per le collocazioni dei singoli volumi$j222888$qSottoscrizione aperta$B242709$CSeMilBibl$Z2$F242709 $81 996 $6022$a0571-9070$9(OLS)http://semarc/number/10 996 $6245$aVetus Latina. Aus der Geschichte der Lateinischen Bibel$h[generale di collana]$9(OLS)http://semarc/title/71 996 $6264$aFreiburg ; Basel ; Wien :$bHerder$9(OLS)http://semarc/publisher/29643